000 00644nam a22002057a 4500
005 20251108174952.0
008 250721s9999 xx 000 0 ara d
082 1 4 _aط/211.8/دقس
100 1 _aالدقس، فؤاد حمد
245 1 0 _aمن وحي التنزيل عالم الروح في القرآن الكريم /
264 1 _aحلب :
_bدار القلم،
300 _aج4.
490 0 _aفجر الهدى و الايمان
_v4
650 1 7 _aالقرآن الكريم
650 1 7 _aإعجاز القرآن
650 1 7 _aالروح
653 _aناشئون صغار (10-14) سنة
942 _2ddc
_cBK
999 _c122783
_d122783